000 00433nam a2200169Ia 4500
008 230711s9999||||xx |||||||||||||| ||und||
020 _a81-7158-217-6
041 _aENG
082 _a630
_bSH-A
100 _aShukla, Dipti
245 0 _aAgriculture Productivity and Rual Econmy
260 _c1992
_aNew Delhi
_bAkashdeep publishing House
300 _a339p.
650 _aAgriculture
700 _aChowdhry, S.K. Roy
942 _cBK
999 _c7526
_d7526